| 000 | 01582nam a2200373 a 4500 | ||
|---|---|---|---|
| 001 | ebr10132963 | ||
| 003 | CaPaEBR | ||
| 006 | m u | ||
| 007 | cr cn||||||||| | ||
| 008 | 040422s2003 enkaba sb 001 0 eng d | ||
| 010 | _z 2004299127 | ||
| 015 | _aGBA3-X8754 | ||
| 020 | _z1860648959 (pbk.) | ||
| 040 |
_aCaPaEBR _cCaPaEBR |
||
| 035 | _a(OCoLC)191932057 | ||
| 043 |
_aa-af--- _aa-pk--- |
||
| 050 | 1 | 4 |
_aDS356 _b.S34 2003eb |
| 082 | 0 | 4 |
_a954.91/2 _222 |
| 100 | 1 | _aSchofield, Victoria. | |
| 245 | 1 | 0 |
_aAfghan frontier _h[electronic resource] : _bfeuding and fighting in Central Asia / _cVictoria Schofield. |
| 260 |
_aLondon ; _aNew York : _bTauris Parke Paperbacks : _bDistributed by Palgrave Macmillan, _c2003. |
||
| 300 |
_a384 p., [8] p. of plates : _bill., maps. |
||
| 500 | _aRev. ed. of: Every rock, every hill. 1984. | ||
| 504 | _aIncludes bibliographical references (p. [355]-369) and index. | ||
| 533 |
_aElectronic reproduction. _bPalo Alto, Calif. : _cebrary, _d2013. _nAvailable via World Wide Web. _nAccess may be limited to ebrary affiliated libraries. |
||
| 651 | 0 |
_aAfghanistan _xHistory. |
|
| 651 | 0 |
_aAfghanistan _xSocial conditions. |
|
| 651 | 0 |
_aNorth-West Frontier Province (Pakistan) _xHistory. |
|
| 651 | 0 |
_aNorth-West Frontier Province (Pakistan) _xSocial conditions. |
|
| 655 | 7 |
_aElectronic books. _2local |
|
| 700 | 1 |
_aSchofield, Victoria. _tEvery rock, every hill. |
|
| 710 | 2 | _aebrary, Inc. | |
| 856 | 4 | 0 |
_uhttp://site.ebrary.com/lib/rucke/Doc?id=10132963 _zAn electronic book accessible through the World Wide Web; click to view |
| 999 |
_c182572 _d182572 |
||